Contracts in use (Record no. 113770)
[ view plain ]
| 000 -LEADER | |
|---|---|
| fixed length control field | 01898cam a22002415 4500 |
| 001 - CONTROL NUMBER | |
| control field | L155704 |
| 008 - FIXED-LENGTH DATA ELEMENTS--GENERAL INFORMATION | |
| fixed length control field | 120403s2009 d s 000 0 eng u |
| 035 ## - SYSTEM CONTROL NUMBER | |
| System control number | (Sirsi) u155704 |
| 041 0# - LANGUAGE CODE | |
| Language code of text/sound track or separate title | eng |
| 110 2# - MAIN ENTRY--CORPORATE NAME | |
| Corporate name or jurisdiction name as entry element | Royal Institution of Chartered Surveyors |
| 9 (RLIN) | 4900 |
| 245 00 - TITLE STATEMENT | |
| Title | Contracts in use |
| Remainder of title | a survey of building contracts in use during 2007 |
| Medium | [electronic resource] |
| 250 ## - EDITION STATEMENT | |
| Edition statement | 11th ed. |
| 260 ## - PUBLICATION, DISTRIBUTION, ETC. | |
| Place of publication, distribution, etc. | London |
| Name of publisher, distributor, etc. | RICS |
| Date of publication, distribution, etc. | 2009 |
| 300 ## - PHYSICAL DESCRIPTION | |
| Extent | 39 p. |
| -- | ll. $3 0 cm. |
| 490 #0 - SERIES STATEMENT | |
| Series statement | Contracts in Use |
| Volume/sequential designation | 2009 |
| 505 0# - FORMATTED CONTENTS NOTE | |
| Formatted contents note | Introduction -- Contents -- Executive Summary -- The Survey -- Response -- Analysis of returns -- Standard forms of contract -- JCT Forms -- ICE Forms -- NEC Family of Contracts -- GC/Works Contracts -- PC/Works Forms -- Association of Consultant Architects -- Other Standard Forms of Contract -- Non-Standard Forms -- Additional contract provisions -- Procurement Methods -- Bills of Quantities -- Specification and Drawings / Activity Schedules -- Design and build procurement -- Target Contracts -- Prime Cost Contracts -- Management Contracts -- Construction Management -- Partnering -- Appendix 1 Survey questionnaire -- Appendix 2 The distribution of contracts in use |
| 520 ## - SUMMARY, ETC. | |
| Summary, etc. | This RICS Contract in Use Survey - the 11th we have undertaken - is the single most authoritative survey of construction contracts used in the UK market. However, publishing the results of a survey taken during relative boom years of 2007 during a recession makes interesting reading: it tells us what was happening in a year in a boom period but it also fits in with the evidence of previous years' surveys and this helps point the way to a likely future. |
| 521 ## - TARGET AUDIENCE NOTE | |
| Target audience note | Advanced |
| 651 #4 - SUBJECT ADDED ENTRY--GEOGRAPHIC NAME | |
| Geographic name | United Kingdom |
| Chronological subdivision | |
| 690 ## - LOCAL SUBJECT ADDED ENTRY--TOPICAL TERM (OCLC, RLIN) | |
| Topical term or geographic name as entry element | Contracts |
| 9 (RLIN) | 6232 |
| 856 48 - ELECTRONIC LOCATION AND ACCESS | |
| Uniform Resource Identifier | <a href="https://www.rics.org/Global/Downloads/RICS_Contracts_in_use_6__2_.pdf">https://www.rics.org/Global/Downloads/RICS_Contracts_in_use_6__2_.pdf</a> |
| Public note | View this guidance note for free at www.rics.org |
| 942 ## - ADDED ENTRY ELEMENTS (KOHA) | |
| Suppress in OPAC | 0 |
| Withdrawn status | Lost status | Source of classification or shelving scheme | Damaged status | Not for loan | Home library | Current library | Shelving location | Date acquired | Total Checkouts | Full call number | Barcode | Date last seen | Copy number | Price effective from | Koha item type |
|---|---|---|---|---|---|---|---|---|---|---|---|---|---|---|---|
| Dewey Decimal Classification | Virtual | Virtual | Books | 03/04/2012 | ONLINE PUBLICATION | 155704-2001 | 06/08/2019 | 1 | 06/08/2019 | Book |